Every Item In Apex Legends (Up To Date) - Statistics

General Stats
  • This quiz has been taken 814 times
    812 since last reset
  • The average score is 28 of 58
Answer Stats
Hint Answer % Correct
Healable Shield Cell
85%
Healable Med Kit
84%
Healable Shield Battery
83%
Weapon R-99
77%
Healable Syringe
76%
Healable Phoenix Kit
71%
Rarity Rare
68%
Legend Lifeline
67%
Legend Wraith
67%
Rarity Common
66%
Rarity Legendary
66%
Legend Octane
65%
Legend Pathfinder
65%
Legend Bloodhound
64%
Rarity Epic
63%
Weapon Flatline
63%
Legend Gibraltar
63%
Weapon P2020
62%
Weapon Peacekeeper
62%
Legend Bangalore
61%
Legend Caustic
61%
Legend Mirage
61%
Weapon Wingman
59%
Inventory Item Backpack
58%
Weapon Mastiff
58%
Legend Wattson
58%
Weapon RE-45
57%
Legend Crypto
55%
Weapon Mozambique
54%
Weapon Spitfire
53%
Weapon Havoc
48%
Weapon Hemlok
48%
Weapon Triple Take
48%
Weapon Devotion
46%
Weapon G7 Scout
44%
Weapon Alternator
43%
Weapon Prowler
43%
Shield Item Knockdown Shield
41%
Shield Item Helmet
39%
Weapon Eva-8 Auto
37%
Attachment Barrel Stabilizer
36%
Weapon L-Star
36%
Weapon R-301 Carbine
32%
Shield Item Body Shield
31%
Weapon Charge Rifle
31%
Attachment Standard Stock
29%
Attachment Extended Heavy Mag
27%
Attachment Extended Light Mag
27%
Attachment Sniper Stock
25%
Scope HCOG
24%
Scope Holo
24%
Weapon Longbow DMR
23%
Attachment Extended Energy Mag
22%
Healable Ultimate Accelerant
21%
Attachment Shotgun Bolt
19%
Scope Digital Threat
17%
Weapon Kraber .50 Cal
15%
Scope Sniper Scope
12%
No matching quizzes found
Score Distribution
Percent of People with Each Score
Percentile by Number Answered
Your Score History
You have not taken this quiz since the last reset